000 00712nam a2200265Ia 4500
003 GCL
008 140319s9999 xx 000 0 ara d
040 _aGCL /
_cGCL
082 0 4 _a153
_bف ذ
100 1 _aفؤاد البهى السيد
245 1 0 _aالذكاء /
_cفؤاد البهى السيد
260 _a[S.N] :
_bدار الفكر العربى ،
_c1994
300 _a425 ص
490 _a
650 0 4 _aعلم النفس
650 0 4 _aالتفكير
650 0 4 _aالذكاء
650 0 4 _aالادراك
650 0 4 _aالتذكر
650 0 4 _aاختبارات الذكاء
650 0 4 _aالتحليل
650 0 4 _aالسببية
650 0 4 _aالغباء
942 _2ddc
_cBK
999 _c31480
_d31480